书目信息 |
| 题名: |
Authorware 6.0网上多媒体课件制作
|
|
| 作者: | 周苏明 编著 | |
| 分册: | ||
| 出版信息: | 北京 清华大学出版社 2002.03 |
|
| 页数: | 263页 | |
| 开本: | 16开 | |
| 丛书名: | ||
| 单 册: | ||
| 中图分类: | TP316.5 | |
| 科图分类: | ||
| 主题词: | 软件 | |
| 电子资源: | ||
| ISBN: | 7-302-05250-6 | |
| 000 | 00601nam0 2200193 45 | |
| 001 | 0206130809 | |
| 005 | 20020613084731.8 | |
| 010 | @a7-302-05250-6@d25.00元 | |
| 100 | @a20020613d2002 km y0chiy0120 ea | |
| 101 | 0 | @achi |
| 105 | @a z 000yy | |
| 200 | 1 | @aAuthorware 6.0网上多媒体课件制作@AAuthorware 6.0 Wang Shang Duo Mei Ti Ke Jian Zhi Zuo@f周苏明等编著@FZhou Su Ming Deng Bian Zhu |
| 210 | @a北京@c清华大学出版社@d2002.03 | |
| 215 | @a263页@d16开 | |
| 606 | 0 | @a软件 |
| 690 | @aTP316.5@v3 | |
| 701 | 0 | @a周苏明@4编著 |
| 801 | @aCN@bPftUser@c20020613 | |
| 905 | @aBZT@b340408-412@dTP316.5@e1@f5 | |
| Authorware 6.0网上多媒体课件制作/周苏明等编著.-北京:清华大学出版社,2002.03 |
| 263页;16开 |
| ISBN 7-302-05250-6:25.00元 |
| ● |
| 相关链接 |
|
|
|
正题名:Authorware 6.0网上多媒体课件制作
索取号:TP316.5/1
 
预约/预借
| 序号 | 登录号 | 条形码 | 馆藏地/架位号 | 状态 | 备注 |
| 1 | 340408 | 201166601 | 中心书库中库/ 中库027架B面7列2层41/ [索取号:TP316.5/1] | 在馆 | |
| 2 | 340409 | 201166610 | 中心书库中库/ 中库027架B面7列2层40/ [索取号:TP316.5/1] | 在馆 | |
| 3 | 340410 | 201166629 | 中心书库中库/ 中库027架B面7列1层26/ [索取号:TP316.5/1] | 在馆 | |
| 4 | 340411 | 201166638 | 中心书库中库/ 中库027架B面7列1层25/ [索取号:TP316.5/1] | 在馆 | |
| 5 | 340412 | 201166647 | 中心书库中库/ 中库027架B面7列1层24/ [索取号:TP316.5/1] | 在馆 |